| 000 | 00455nam a2200205Ia 4500 | ||
|---|---|---|---|
| 008 | 160803s9999 xx 000 0 und d | ||
| 020 | _a978-0689717833 | ||
| 100 | _aAvi | ||
| 245 | _aBright shadow / | ||
| 245 | _cby Avi. | ||
| 260 | _aNew York : | ||
| 260 | _bScholastic Inc. | ||
| 260 | _c2000 | ||
| 300 | _a167 pages ; | ||
| 300 | _c20 cm | ||
| 650 | _aFantasy -- | ||
| 650 | _aFantasy. | ||
| 650 | _xJuvenile fiction. | ||
| 700 | _a560 | ||
| 999 |
_c298483 _d298483 |
||